| 000 | 00508nam a2200181 i 4500 | ||
|---|---|---|---|
| 001 | 52142 | ||
| 003 | ES-MaACL | ||
| 005 | 20230906162529.0 | ||
| 007 | t| | ||
| 008 | 030826s1971 sp ||||1| spa d | ||
| 100 | 1 |
_aChristian, Tina Chad. _938653 |
|
| 245 | 1 | 0 |
_aBaby love / _cTina Chad Christian ; [versión Ramón Alonso]. |
| 250 | _a[1ª ed.]. | ||
| 260 |
_a[Barcelona] : _bJapizua, _c[1971] |
||
| 300 |
_a236 p. ; _c20 cm. |
||
| 700 | 1 |
_aAlonso, Ramón. _920239 |
|
| 852 |
_aES-MaACL _jC-49522 _bR.78987 |
||
| 999 |
_c52142 _d52142 |
||